banner-ar

الحكومة الاشتراكية منذ 3500 سنة مصر الاقتصادية فى عهد الاسرة 18 الفرعونية . / (Record no. 36208)

MARC details
000 -الفاتح
حقل البيانات ثابتة الطول 00782nam a2200229Ia 4500
008 - عناصر البيانات ثابتة الطول - معلومات عامة
حقل البيانات ثابتة الطول 140319s9999 xx 000 0 ara d
040 ## - مصدر الفهرسة
وكالة الفهرسة الأصلية GCL /
وكالة النسخ GCL
082 04 - رقم تصنيف ديوى العشرى
رقم التصنيف ق
رقم المادة 932.0710
-- د ح
100 1# - المدخل الرئيسى - إسم شخصى
الإسم الشخصى انطوان زكرى
245 10 - بيان العنوان
العنوان الحكومة الاشتراكية منذ 3500 سنة مصر الاقتصادية فى عهد الاسرة 18 الفرعونية . /
بيان المسئوليه,etc انطوان زكرى
700 1# - المدخل الاضافى - اسم شخصى
الإسم الشخصى درينيس سرجى
300 ## - الوصف المادى
التعداد 192 ص
490 ## - بيان السلسلة
عنوان السلسلة
650 04 - المدخل الاضافى بالموضوع-مصطلح موضوعى
مصطلح موضوعي الاحوال السياسية
650 04 - المدخل الاضافى بالموضوع-مصطلح موضوعى
مصطلح موضوعي الاشتراكية
650 04 - المدخل الاضافى بالموضوع-مصطلح موضوعى
مصطلح موضوعي مصر القديمة
650 04 - المدخل الاضافى بالموضوع-مصطلح موضوعى
مصطلح موضوعي الاحوال الاقتصادية
650 04 - المدخل الاضافى بالموضوع-مصطلح موضوعى
مصطلح موضوعي تاريخ الدولة الحديثة (1580_525
942 ## - عناصر المدخل الإضافي( كوها)
مصدر التصنيف او مخطط الترفيف Dewey Decimal Classification
Koha [default] item type كتاب
260 ## - PUBLICATION, DISTRIBUTION, ETC. (IMPRINT)
-- [S.N] :
-- لا يوجد
Holdings
حالة التراجع حالة الفقد حالة تلف ليس للاعارة المكان المؤقت الموقع الحالى تاريخ الاكتساب اجمالي اﻻعارات رقم الطلب الباركود تاريخ اخر مشاهدة تاريخ تفعيل السعر نوع وعاء كوها
        مكتبة القاهرة الكبرى مكتبة القاهرة الكبرى 03/26/2014   ق\932.0710\د ح 88105 03/26/2014 03/26/2014 كتاب
        مكتبة القاهرة الكبرى مكتبة القاهرة الكبرى 03/26/2014   ق\932.0710\د ح 88106 03/26/2014 03/26/2014 كتاب

Powered By

EGPV